Statistics for Most Best Actress Nominations

Click here to take the quiz!

General Stats

  • This quiz has been taken 60 times
  • The average score is 10 of 19

Answer Stats

# of NominationsActress% Correct
16Meryl Streep
100%
5Audrey Hepburn
87%
12Katharine Hepburn
87%
10Bette Davis
85%
6Jane Fonda
76%
5Elizabeth Taylor
67%
5Susan Sarandon
57%
5Jessica Lange
54%
5Judi Dench
54%
6Ingrid Bergman
52%
6Sissy Spacek
43%
7Greer Garson
41%
5Shirley MacLaine
39%
6Deborah Kerr
37%
5Ellen Burstyn
30%
5Susan Hayward
28%
5Norma Shearer
26%
5Anne Bancroft
24%
5Irene Dunne
13%

Score Distribution

Percentile by Number Answered

Percent of People with Each Score

Your Score History

You have not taken this quiz